000
00278nam a2200121Ia 4500
008
191201s2018 xx 000 0 und d
100
_a
RAWAT, Tarun Kumar
245
0
_a
Signals and Systems
260
_b
Oxford
_c
2018
300
_a
890
650
_a
B.Tech(ECE)
942
_2
ddc
_c
BK
999
_c
7086
_d
7086